00405nam a2200157Ia 4500008004100000082000900041100002000050245003400070250000600104260002000110300000900130600002000139630003400159700002000193730003400213090124s9999 xx 000 0 und d b1787 aGALSWORTHY JOHN aTHE PLAYS OF JOHN GALSWORTHY  a1 bDUCKWORTHc1935 a1144 aGALSWORTHY JOHN aTHE PLAYS OF JOHN GALSWORTHY  aGALSWORTHY JOHN aTHE PLAYS OF JOHN GALSWORTHY